Geography Quiz

Random Geography or City Quiz

Alb-Donau-Kreis Gemeinden Quiz Stats

 Plays Quiz not verified by Sporcle

Support Sporcle.
Go Orange.
Score 0/55 Timer 12:00
0 Plays Today
Answer % Correct
Ehingen
54.5%
Blaustein
54.5%
Langenau
54.5%
Erbach
54.5%
Blaubeuren
54.5%
Dornstadt
54.5%
Westerheim
54.5%
Westerstetten
54.5%
Laichingen
45.5%
Lonsee
45.5%
Amstetten
45.5%
Illerrieden
45.5%
Staig
45.5%
Altheim
45.5%
Hüttisheim
45.5%
Schnürpflingen
45.5%
Neenstetten
45.5%
Altheim
45.5%
Dietenheim
36.4%
Illerkirchberg
36.4%
Heroldstatt
36.4%
Öpfingen
36.4%
Balzheim
36.4%
Merklingen
36.4%
Nellingen
36.4%
Weidenstetten
36.4%
Rammingen
36.4%
Asselfingen
36.4%
Answer % Correct
Hausen
36.4%
Munderkingen
27.3%
Allmendingen
27.3%
Bernstadt
27.3%
Oberstadion
27.3%
Unterstadion
27.3%
Schelklingen
18.2%
Rottenacker
18.2%
Oberdischingen
18.2%
Emerkingen
18.2%
Ballendorf
18.2%
Beimerstetten
9.1%
Öllingen
9.1%
Obermarchtal
9.1%
Untermarchtal
9.1%
Lauterach
9.1%
Nerenstetten
9.1%
Holzkirch
9.1%
Emeringen
9.1%
Grundsheim
0%
Berghülen
0%
Griesingen
0%
Setzingen
0%
Rechtenstein
0%
Breitingen
0%
Unterwachingen
0%
Börslingen
0%

You're not logged in!

Compare scores with friends on all Sporcle quizzes.
OR
Log In

From the Vault

Diagnose that Disease! (A to Z)

by AdamL

This quiz is simply infectious.
Remove Ads.
Support Sporcle.
Get the best of Sporcle when you Go Orange. This ad-free experience offers more features, more stats, and more fun while also helping to support Sporcle. Thank you for becoming a member.

Show Comments

Extras

Created Sep 26, 2013ReportNominate
Tags:City Quiz, Population Quiz

Top Quizzes Today


Score Distribution

Your Account Isn't Verified!

In order to create a playlist on Sporcle, you need to verify the email address you used during registration. Go to your Sporcle Settings to finish the process.

Report this User

Report this user for behavior that violates our Community Guidelines.

Details: